[Event "European Youth Chess Championship G14"]
[Site "Prague, Top Hotel Prague"]
[Date "2016.08.25"]
[Round "7.32"]
[White "Richterova, Julie"]
[Black "Hrysogelou, Athanasia-Panagiot"]
[Result "1-0"]
[WhiteElo "1592"]
[BlackElo "1695"]
[PlyCount "79"]
[EventDate "2016.08.18"]

1. d4 Nf6 2. c4 e6 3. g3 c5 4. d5 exd5 5. cxd5 d6 6. Nc3 g6 7. Bg2 Bg7 8. Nf3
O-O 9. O-O a6 10. a4 Re8 11. Nd2 Nbd7 12. a5 b5 13. axb6 Nxb6 14. e4 Ng4 15. h3
Ne5 16. Nf3 Nxf3+ 17. Qxf3 f5 18. exf5 Bxf5 19. g4 Bc8 20. Ne4 Bb7 21. Bg5 Qc7
22. Qg3 Be5 23. Bf4 Nxd5 24. Bxe5 Rxe5 25. f4 Ree8 26. f5 Rad8 27. Rad1 Rf8 28.
Ng5 Nf6 29. Ne6 Qb6 30. Nxf8 Rxf8 31. Qxd6 Qxd6 32. Rxd6 Bxg2 33. Kxg2 Ne4 34.
Rxa6 gxf5 35. gxf5 Rb8 36. f6 Rxb2+ 37. Kg1 Rb7 38. Re6 Ng5 39. Re7 Rb8 40.
Rg7+ 1-0

[Event "European Youth Chess Championship G14"]
[Site "Prague, Top Hotel Prague"]
[Date "2016.08.25"]
[Round "7.33"]
[White "Oliveira, Maria Alice Ramos Ma"]
[Black "Waardenburg, Marlinde"]
[Result "1/2-1/2"]
[WhiteElo "1667"]
[BlackElo "1580"]
[PlyCount "90"]
[EventDate "2016.08.18"]

1. e4 e5 2. Nf3 Nc6 3. Bb5 a6 4. Ba4 Nf6 5. d3 b5 6. Bb3 Be7 7. O-O d6 8. c3
Bg4 9. Nbd2 O-O 10. Re1 Na5 11. Bc2 c5 12. Qe2 Qc7 13. Nf1 Rac8 14. h3 Bd7 15.
Bg5 Rfe8 16. Ng3 h6 17. Bd2 Be6 18. Nh2 Bf8 19. Ng4 Nxg4 20. hxg4 Nc6 21. g5
hxg5 22. Bxg5 Ne7 23. f3 Ng6 24. Kf2 Be7 25. Bxe7 Qxe7 26. Rh1 Nf4 27. Qe1 g6
28. Ne2 Nxe2 29. Qxe2 Qg5 30. Bb3 Bxb3 31. axb3 Rc6 32. Rh3 Kg7 33. Rah1 Rcc8
34. Rh7+ Kf8 35. R1h3 Kg8 36. Rh8+ Kg7 37. R8h7+ Kg8 38. R7h4 Kg7 39. Rg4 Qf6
40. Rgh4 Rh8 41. g3 Rxh4 42. Rxh4 Qe6 43. Qc2 Rh8 44. Rxh8 Kxh8 45. Kg2 Kg7
1/2-1/2

[Event "European Youth Chess Championship G14"]
[Site "Prague, Top Hotel Prague"]
[Date "2016.08.25"]
[Round "7.34"]
[White "Catal, Uktenur"]
[Black "Rubsamen, Anais"]
[Result "1/2-1/2"]
[WhiteElo "1666"]
[BlackElo "1578"]
[PlyCount "90"]
[EventDate "2016.08.18"]

1. d4 Nf6 2. Bf4 g6 3. e3 Bg7 4. Nf3 d5 5. h3 O-O 6. Be2 Bf5 7. Nbd2 Nc6 8. c3
Re8 9. O-O Rb8 10. c4 Nb4 11. Qb3 Nc6 12. Rac1 h6 13. Bh2 e6 14. Ne5 Ne4 15.
Nxe4 Bxe4 16. Nxc6 bxc6 17. Qc3 dxc4 18. Bxc4 c5 19. Rcd1 cxd4 20. exd4 Rb6 21.
Rfe1 Ba8 22. Qa5 Bxd4 23. Be5 c5 24. Qxa7 Rxb2 25. Bxd4 cxd4 26. Rxd4 Qg5 27.
Rg4 Qd2 28. Rxe6 Rxe6 29. Qxa8+ Kg7 30. Bxe6 Qxf2+ 31. Kh2 fxe6 32. Qe4 Qf5 33.
Qd4+ Qf6 34. Qd7+ Qf7 35. Qa4 Qc7+ 36. Rg3 Rc2 37. Qe4 g5 38. Qxe6 Rc3 39. Qe1
Ra3 40. Qa1+ Kf7 41. Qf1+ Kg7 42. Qa1+ Kf7 43. Qf1+ Kg7 44. Qe1 h5 45. h4 g4
1/2-1/2

[Event "European Youth Chess Championship G14"]
[Site "Prague, Top Hotel Prague"]
[Date "2016.08.25"]
[Round "7.35"]
[White "Vetshtein, Lior"]
[Black "Vidruk, Mariia"]
[Result "1/2-1/2"]
[WhiteElo "1489"]
[BlackElo "1665"]
[PlyCount "75"]
[EventDate "2016.08.18"]

1. e4 Nf6 2. e5 Nd5 3. d4 d6 4. Nf3 Bg4 5. Be2 c6 6. c4 Nb6 7. exd6 exd6 8.
Nbd2 Be7 9. b3 d5 10. c5 N6d7 11. b4 Na6 12. Bxa6 bxa6 13. Qa4 Qc8 14. Nb3 Bxf3
15. gxf3 Bf6 16. Bf4 O-O 17. O-O-O Nb8 18. Bd6 Re8 19. Rhe1 Re6 20. Na5 Bd8 21.
Rxe6 fxe6 22. Bxb8 Bxa5 23. Be5 Bd8 24. Rg1 g6 25. Qc2 Bc7 26. Rxg6+ Kf8 27.
Rf6+ Kg8 28. Rh6 Qd7 29. Bxc7 Qxc7 30. Qd2 Qe7 31. Qf4 Re8 32. Qe5 Qf7 33. Rf6
Qg7 34. Qg3 Kh8 35. Qxg7+ Kxg7 36. Rf4 Rb8 37. Rg4+ Kf7 38. Rf4+ $11 1/2-1/2

[Event "European Youth Chess Championship G14"]
[Site "Prague, Top Hotel Prague"]
[Date "2016.08.25"]
[Round "7.36"]
[White "Simkunaite, Gabija"]
[Black "Mkrtchyan, Anahit"]
[Result "0-1"]
[WhiteElo "1629"]
[BlackElo "1561"]
[PlyCount "92"]
[EventDate "2016.08.18"]

1. e4 e5 2. Nf3 Nf6 3. Nc3 Nc6 4. d4 exd4 5. Nxd4 Bb4 6. Nxc6 bxc6 7. Bd3 d5 8.
exd5 cxd5 9. Bd2 O-O 10. O-O c6 11. a3 Be7 12. Re1 Be6 13. Ne2 c5 14. Nf4 Bg4
15. f3 Bd7 16. c4 d4 17. b4 Bd6 18. Rb1 Qc7 19. g3 Rfe8 20. b5 Rxe1+ 21. Qxe1
Re8 22. Qd1 Bc8 23. a4 Bb7 24. a5 Bxf4 25. b6 Be3+ 26. Bxe3 axb6 27. Bf4 Qc6
28. axb6 Ng4 29. h3 Ne3 30. Bxe3 Rxe3 31. Be4 Rxe4 32. fxe4 Qxe4 33. Qf1 Qh1+
34. Kf2 Qf3+ 35. Ke1 Qc3+ 36. Ke2 Qe3+ 37. Kd1 Bf3+ 38. Qxf3 Qxf3+ 39. Kc2 Qe2+
40. Kb3 Qd3+ 41. Ka2 Qxc4+ 42. Kb2 Qc3+ 43. Ka2 Qa5+ 44. Kb3 Qxb6+ 45. Kc2 d3+
46. Kc1 d2+ 0-1

[Event "European Youth Chess Championship G14"]
[Site "Prague, Top Hotel Prague"]
[Date "2016.08.25"]
[Round "7.37"]
[White "Katkov, Michelle"]
[Black "Munte, Noa"]
[Result "1/2-1/2"]
[WhiteElo "1619"]
[BlackElo "1529"]
[PlyCount "184"]
[EventDate "2016.08.18"]

1. e4 c5 2. c3 e6 3. d4 d5 4. exd5 exd5 5. Nf3 Nc6 6. Bb5 Bd6 7. dxc5 Bxc5 8.
O-O Nge7 9. Nbd2 O-O 10. Nb3 Bd6 11. Bg5 Bg4 12. h3 Bd7 13. Re1 a6 14. Bd3 h6
15. Bh4 Qc7 16. Bc2 Rfe8 17. Nbd4 Ne5 18. Nxe5 Bxe5 19. Nf3 Bd6 20. Bxe7 Bxe7
21. Qxd5 Rad8 22. Ne5 Be6 23. Qe4 f5 24. Qf3 Bf6 25. Nd3 Qf7 26. Nc5 Rd2 27.
Bxf5 Bxf5 28. Rxe8+ Qxe8 29. Qxf5 Rxb2 30. Qd5+ Qf7 31. Qxf7+ Kxf7 32. Na4 Rc2
33. Rb1 b5 34. Nc5 Rxa2 35. Ne4 Ra3 36. Nxf6 Kxf6 37. Rc1 a5 38. Rb1 Rxc3 39.
Rxb5 Ra3 40. Kf1 Ra2 41. g3 a4 42. Ra5 a3 43. Kg2 Ra1 44. Kf3 Ra2 45. h4 Ra1
46. Kf4 a2 47. Ra6+ Kf7 48. Kf5 Rb1 49. Rxa2 Rb5+ 50. Kf4 Rb4+ 51. Kf3 Rb3+ 52.
Kg2 Kg6 53. Ra5 Rb2 54. g4 Rb3 55. f3 Rb2+ 56. Kg3 Rb3 57. h5+ Kf6 58. Ra4 Kf7
59. Kf4 Rc3 60. Re4 Ra3 61. Re3 Ra4+ 62. Kf5 Ra5+ 63. Re5 Ra3 64. f4 Ra6 65.
Rb5 Rf6+ 66. Ke5 Re6+ 67. Kd4 Rf6 68. Rb7+ Kg8 69. Ke5 Ra6 70. Re7 Kh7 71. Kf5
Rf6+ 72. Ke4 Ra6 73. Rd7 Ra5 74. Rd5 Ra4+ 75. Kf5 Ra6 76. Re5 Rb6 77. g5 hxg5
78. Kxg5 Rh6 79. f5 Ra6 80. Re6 Ra1 81. Re4 Ra6 82. Rf4 Rb6 83. Rg4 Rh6 84. Kh4
Rf6 85. Rg5 Ra6 86. Rg4 Rf6 87. Rf4 Ra6 88. Kg4 Rb6 89. Re4 Rf6 90. Re6 Rf8 91.
Kg5 Ra8 92. Re7 Ra6 1/2-1/2

[Event "European Youth Chess Championship G14"]
[Site "Prague, Top Hotel Prague"]
[Date "2016.08.25"]
[Round "7.38"]
[White "Slaba, Andrea"]
[Black "Markova, Kristyna"]
[Result "1-0"]
[WhiteElo "1753"]
[BlackElo "1536"]
[PlyCount "73"]
[EventDate "2016.08.18"]

1. c4 e6 2. Nf3 Nf6 3. e3 d5 4. Be2 c5 5. b3 Be7 6. Bb2 b6 7. O-O O-O 8. d3 Bb7
9. Nbd2 Nbd7 10. Rc1 a6 11. Rc2 b5 12. a3 Rc8 13. Qa1 Re8 14. Ne5 Bf8 15. f4
Nxe5 16. Bxe5 Nd7 17. Bb2 Nb6 18. Qe1 f6 19. Qh4 e5 20. Bg4 Rc7 21. fxe5 fxe5
22. Qxd8 Rxd8 23. Bxe5 Re7 24. Bf4 h6 25. h4 Bc8 26. Bxc8 Nxc8 27. cxb5 axb5
28. Rxc5 Rb7 29. Rc2 Bxa3 30. Ra1 Bd6 31. Ra8 Bxf4 32. exf4 Rf7 33. Rcxc8 Rxc8
34. Rxc8+ Kh7 35. g3 Re7 36. Kf2 d4 37. Rd8 1-0

[Event "European Youth Chess Championship G14"]
[Site "Prague, Top Hotel Prague"]
[Date "2016.08.25"]
[Round "7.39"]
[White "Norlamo, Sarabella"]
[Black "Golsta, Madara"]
[Result "1/2-1/2"]
[WhiteElo "1534"]
[BlackElo "1675"]
[PlyCount "45"]
[EventDate "2016.08.18"]

1. d4 Nf6 2. c4 c5 3. d5 b5 4. cxb5 a6 5. bxa6 g6 6. Nc3 Bxa6 7. e4 Bxf1 8.
Kxf1 d6 9. Nf3 Nbd7 10. g3 Bg7 11. Kg2 O-O 12. Qc2 Qa5 13. Bd2 Rfb8 14. a4 Qb4
15. Ra2 Nb6 16. b3 c4 17. Rb1 cxb3 18. Rxb3 Qc5 19. Be3 Qc7 20. Bxb6 Rxb6 21.
Rxb6 Qxb6 22. Nb5 Nd7 23. Qc4 $11 1/2-1/2

[Event "European Youth Chess Championship G14"]
[Site "Prague, Top Hotel Prague"]
[Date "2016.08.25"]
[Round "7.40"]
[White "Moerwald, Magdalena"]
[Black "Davidson, Laura"]
[Result "1/2-1/2"]
[WhiteElo "1624"]
[BlackElo "1453"]
[PlyCount "80"]
[EventDate "2016.08.18"]

1. e4 e5 2. Nf3 Nc6 3. d4 exd4 4. Bc4 Nf6 5. e5 d5 6. Bb5 Ne4 7. Nxd4 Bc5 8.
Be3 Bd7 9. Bxc6 bxc6 10. O-O Qe7 11. Re1 O-O 12. f3 Ng5 13. f4 Ne4 14. Nd2 Rfd8
15. c3 Bb6 16. Qc2 c5 17. N4f3 Bf5 18. Nxe4 Bxe4 19. Qf2 Rd7 20. a4 a5 21. Nd2
d4 22. Nxe4 dxe3 23. Qg3 Kh8 24. c4 Rd4 25. Qf3 Rad8 26. b3 f6 27. Ng3 fxe5 28.
Nf5 Qf6 29. fxe5 Qxe5 30. Nxd4 cxd4 31. Rad1 h6 32. Rd3 Bc5 33. Rexe3 dxe3 34.
Rxd8+ Kh7 35. Kf1 e2+ 36. Qxe2 Qf6+ 37. Qf3 Qxd8 38. Qf5+ Kh8 39. Qxc5 Qd3+ 40.
Kf2 Qxb3 1/2-1/2

[Event "European Youth Chess Championship G14"]
[Site "Prague, Top Hotel Prague"]
[Date "2016.08.25"]
[Round "7.41"]
[White "Nilsson, Kajsa 2002"]
[Black "Kvamme, Ingrid Jodre"]
[Result "1/2-1/2"]
[WhiteElo "1620"]
[BlackElo "1486"]
[PlyCount "96"]
[EventDate "2016.08.18"]

1. e4 c5 2. c3 d5 3. exd5 Qxd5 4. d4 Nf6 5. Nf3 g6 6. Na3 cxd4 7. Bc4 Qe4+ 8.
Be3 dxe3 9. Bxf7+ Kxf7 10. Ng5+ Kg7 11. Nxe4 exf2+ 12. Nxf2 Nc6 13. O-O Bf5 14.
Qb3 Rb8 15. Nb5 e5 16. Rad1 Bc5 17. Nd6 Nd8 18. Nxf5+ gxf5 19. Kh1 Bxf2 20.
Rxf2 f4 21. Qc4 Nc6 22. Rd6 Rhf8 23. h3 Rbe8 24. g4 Re7 25. b4 a6 26. Rfd2 e4
27. g5 Ne8 28. Rd7 Rff7 29. Rxe7 Rxe7 30. Re2 Kf8 31. Rf2 f3 32. Qd5 Nc7 33.
Qf5+ Ke8 34. Qc8+ Nd8 35. Rd2 Nce6 36. Rf2 Nc7 37. Qf5 Nf7 38. Qxh7 e3 39. Rxf3
e2 40. Qg8+ Kd7 41. Rd3+ Nd6 42. Rxd6+ Kxd6 43. Qd8+ Ke6 44. Qc8+ Kf7 45. Qf5+
Ke8 46. Qc8+ Kf7 47. Qf5+ Ke8 48. Qc8+ Kf7 1/2-1/2

[Event "European Youth Chess Championship G14"]
[Site "Prague, Top Hotel Prague"]
[Date "2016.08.25"]
[Round "7.42"]
[White "Rosenbaumova, Lea"]
[Black "Moerwald, Miriam"]
[Result "1-0"]
[WhiteElo "1432"]
[BlackElo "1618"]
[PlyCount "79"]
[EventDate "2016.08.18"]

1. e4 c6 2. c4 d5 3. exd5 cxd5 4. d4 Nf6 5. Nc3 Nc6 6. Nf3 Bg4 7. Be3 e6 8. c5
a6 9. Be2 Be7 10. O-O O-O 11. a3 Nd7 12. b4 Bf6 13. Rc1 Re8 14. Re1 Nf8 15. h3
Bh5 16. Rc2 Bxf3 17. Bxf3 Ng6 18. g3 Nge7 19. Rd2 Nf5 20. Ne2 Nxe3 21. fxe3 Qc7
22. Kg2 Ne7 23. e4 dxe4 24. Bxe4 Nf5 25. Bxf5 exf5 26. Rf1 g6 27. Nf4 Rad8 28.
d5 a5 29. d6 Qc6+ 30. Rd5 axb4 31. axb4 Re4 32. Qb3 g5 33. b5 Qc8 34. Nh5 Bd4
35. Rdxf5 Re2+ 36. Kh1 Rf8 37. Qd3 Rf2 38. Rxg5+ Bg7 39. Rxg7+ Kh8 40. Qxh7#
1-0

[Event "European Youth Chess Championship G14"]
[Site "Prague, Top Hotel Prague"]
[Date "2016.08.25"]
[Round "7.43"]
[White "Liiv, Kristiina"]
[Black "Akulova, Alicia"]
[Result "1-0"]
[WhiteElo "1341"]
[BlackElo "1611"]
[PlyCount "67"]
[EventDate "2016.08.18"]

1. c4 Nf6 2. Nf3 g6 3. g3 Bg7 4. Bg2 O-O 5. O-O d6 6. Nc3 e5 7. d3 Nc6 8. Rb1
h6 9. b4 Be6 10. b5 Ne7 11. Nd2 Qc8 12. Re1 Bh3 13. Bh1 Nh7 14. Nd5 Nxd5 15.
Bxd5 Kh8 16. Nb3 c6 17. bxc6 bxc6 18. Bh1 Rb8 19. Be3 Qd7 20. Qd2 g5 21. Qa5 c5
22. Nxc5 dxc5 23. Bxc5 Rxb1 24. Rxb1 Rc8 25. Rb7 Qg4 26. Bf3 Qf5 27. Be4 Qg4
28. f3 Qh5 29. Qxa7 f5 30. Rxg7 Nf6 31. Qe7 Rb8 32. Rh7+ Nxh7 33. Qxe5+ Nf6 34.
Qxf6+ 1-0

[Event "European Youth Chess Championship G14"]
[Site "Prague, Top Hotel Prague"]
[Date "2016.08.25"]
[Round "7.44"]
[White "Greibrokk, Maria"]
[Black "Janotkova, Katerina"]
[Result "0-1"]
[WhiteElo "1567"]
[BlackElo "1229"]
[PlyCount "60"]
[EventDate "2016.08.18"]

1. e4 c5 2. Nf3 e6 3. d4 cxd4 4. Nxd4 Nc6 5. Be3 Qc7 6. Nc3 a6 7. Be2 b5 8. O-O
Bb7 9. f4 d6 10. Kh1 Nf6 11. Bf3 Be7 12. Qd2 Rc8 13. Qf2 Na5 14. Nxe6 fxe6 15.
Bb6 Qc4 16. Bxa5 Nxe4 17. Qe3 d5 18. Bxe4 dxe4 19. Rfe1 O-O 20. Nxe4 Qxc2 21.
Nd2 Bd5 22. Bc3 Qg6 23. Nf3 b4 24. Be5 Rc2 25. Re2 Rfc8 26. g3 R8c4 27. Rxc2
Qxc2 28. Rf1 Re4 29. Qc1 Qe2 30. Kg1 Rc4 0-1

[Event "European Youth Chess Championship G14"]
[Site "Prague, Top Hotel Prague"]
[Date "2016.08.25"]
[Round "7.46"]
[White "Dziho, Sadzida"]
[Black "Levin, Emily"]
[Result "0-1"]
[WhiteElo "1539"]
[BlackElo "1390"]
[PlyCount "114"]
[EventDate "2016.08.18"]

1. d4 d5 2. c4 e6 3. Nf3 c6 4. Nc3 dxc4 5. e4 b5 6. a4 Bb4 7. axb5 cxb5 8. Bd2
Bxc3 9. bxc3 Bb7 10. Qb1 Nd7 11. Bxc4 Bxe4 12. Qxe4 bxc4 13. Bg5 Qc8 14. Nd2
Ngf6 15. Bxf6 Nxf6 16. Qe2 O-O 17. Nxc4 Qc6 18. O-O Rfc8 19. Ne5 Qxc3 20. Ra4
Qc2 21. Qa6 h6 22. Rb4 Qc3 23. Rc4 Rxc4 24. Qxc4 Qxc4 25. Nxc4 Nd5 26. Ra1 Kf8
27. Ne5 a5 28. Kf1 a4 29. Ra3 Ke7 30. Nd3 Nb6 31. Ke2 Kd6 32. Nb4 Rc8 33. Kd3
e5 34. dxe5+ Kxe5 35. Ke2 Rc4 36. Re3+ Kd4 37. Rd3+ Kc5 38. Na2 Rc2+ 39. Rd2
Rxd2+ 40. Kxd2 Kc4 41. Kc2 Nd5 42. g3 Nb4+ 43. Kb2 Nd3+ 44. Ka3 Nxf2 45. Kxa4
Ng4 46. h4 g5 47. hxg5 hxg5 48. Nc1 Ne5 49. Ka3 Kd4 50. Kb3 Ke3 51. Kc3 Kf3 52.
Kd4 Ng6 53. Ne2 Kxe2 54. Ke4 g4 55. Kf5 Kf3 56. Kf6 Kxg3 57. Kxf7 Kf3 0-1

[Event "European Youth Chess Championship G14"]
[Site "Prague, Top Hotel Prague"]
[Date "2016.08.25"]
[Round "7.47"]
[White "Sorensen, Signe Sofie Boss"]
[Black "Lagazauri, Tamar"]
[Result "0-1"]
[WhiteElo "1369"]
[BlackElo "1505"]
[PlyCount "66"]
[EventDate "2016.08.18"]

1. e4 d6 2. d4 Nf6 3. Nc3 g6 4. Nf3 Bg7 5. Be3 c6 6. Bd3 O-O 7. Qd2 Nbd7 8. Bh6
Qc7 9. h4 Nb6 10. Bxg7 Kxg7 11. Qg5 h6 12. Qg3 h5 13. Ng5 e5 14. Ne2 Qe7 15. f4
Ng4 16. f5 exd4 17. Nxd4 Qe5 18. Qxe5+ dxe5 19. Ndf3 f6 20. Nh3 gxf5 21. exf5
e4 22. Nd4 exd3 23. cxd3 Rd8 24. Ne6+ Bxe6 25. fxe6 Rxd3 26. O-O Nd5 27. Rf5
Kg6 28. Rxd5 Rxd5 29. Nf4+ Kh6 30. Nxd5 cxd5 31. Re1 Re8 32. g3 Ne5 33. Kg2
Rxe6 0-1

[Event "European Youth Chess Championship G14"]
[Site "Prague, Top Hotel Prague"]
[Date "2016.08.25"]
[Round "7.48"]
[White "Plaza, Reino Leire"]
[Black "Lorencova, Michaela"]
[Result "0-1"]
[WhiteElo "1124"]
[BlackElo "1491"]
[PlyCount "64"]
[EventDate "2016.08.18"]

1. e4 e5 2. Nf3 Nf6 3. Nxe5 d6 4. Nf3 Nxe4 5. c4 Qe7 6. Be2 Be6 7. O-O Nc6 8.
d4 d5 9. b3 O-O-O 10. c5 f5 11. Bf4 g5 12. Be5 Bg7 13. Bxg7 Qxg7 14. a3 h5 15.
b4 g4 16. Nh4 Nxd4 17. b5 Nxe2+ 18. Qxe2 Qxa1 19. Ng6 Rh7 20. Nd2 Qxa3 21. Nxe4
dxe4 22. c6 b6 23. Nf4 Bg8 24. g3 Qb4 25. Rd1 Rxd1+ 26. Qxd1 Qxb5 27. Ne2 Qxc6
28. Nd4 Qd6 29. Qa4 a5 30. Nxf5 Qd7 31. Qxe4 Qd1+ 32. Kg2 Bd5 0-1

[Event "European Youth Chess Championship G14"]
[Site "Prague, Top Hotel Prague"]
[Date "2016.08.26"]
[Round "8.1"]
[White "Goltseva, Ekaterina"]
[Black "Maltsevskaya, Aleksandra"]
[Result "1-0"]
[WhiteElo "2213"]
[BlackElo "2341"]
[PlyCount "71"]
[EventDate "2016.08.18"]

1. d4 Nf6 2. Nf3 g6 3. g3 Bg7 4. Bg2 O-O 5. O-O d6 6. b3 c6 7. Bb2 b5 8. c4
bxc4 9. bxc4 Qb6 10. Qb3 Nbd7 11. Nbd2 Rb8 12. Rab1 Qa6 13. Qa3 Nb6 14. Rfc1
Nfd7 15. e3 c5 16. Bf1 Re8 17. Qxa6 Bxa6 18. Nb3 Rec8 19. d5 Bxb2 20. Rxb2 Nf6
21. Na5 Na4 22. Rb3 Rb6 23. Ra3 Nb2 24. Nb3 e6 25. dxe6 d5 26. exf7+ Kg7 27.
cxd5 Bxf1 28. Kxf1 c4 29. Nbd4 Nxd5 30. Ng5 Rf6 31. Nde6+ Kh6 32. f4 c3 33.
Rxa7 Kh5 34. h3 Rxe6 35. f8=Q Nxe3+ 36. Kg1 1-0

[Event "European Youth Chess Championship G14"]
[Site "Prague, Top Hotel Prague"]
[Date "2016.08.26"]
[Round "8.2"]
[White "Peycheva, Gergana"]
[Black "Zotova, Anastasia"]
[Result "0-1"]
[WhiteElo "2134"]
[BlackElo "2137"]
[PlyCount "56"]
[EventDate "2016.08.18"]

1. d4 Nf6 2. c4 g6 3. Nc3 d5 4. cxd5 Nxd5 5. e4 Nxc3 6. bxc3 Bg7 7. Be3 c5 8.
Qd2 Nc6 9. Nf3 Bg4 10. d5 Qa5 11. Rc1 Rd8 12. Be2 O-O 13. O-O e6 14. Bg5 Rd7
15. Qf4 Bxf3 16. dxc6 Bxe2 17. cxd7 f6 18. Rfe1 fxg5 19. Qd6 Bc4 20. Rcd1 Bf6
21. e5 Bd8 22. Re4 Qxa2 23. Qxc5 Bd5 24. Rb4 Be7 25. Qd4 Bxb4 26. cxb4 Qa4 27.
Ra1 Qxd7 28. Rxa7 Qc6 0-1

[Event "European Youth Chess Championship G14"]
[Site "Prague, Top Hotel Prague"]
[Date "2016.08.26"]
[Round "8.3"]
[White "Antova, Gabriela"]
[Black "Kucharska, Honorata"]
[Result "1-0"]
[WhiteElo "2241"]
[BlackElo "1851"]
[PlyCount "99"]
[EventDate "2016.08.18"]

1. d4 Nf6 2. Nf3 d6 3. Bf4 Nbd7 4. h3 g6 5. e3 Bg7 6. Be2 O-O 7. O-O c6 8. a4
a5 9. Nbd2 Re8 10. Bh2 h6 11. c3 Nh7 12. Re1 Nb6 13. e4 e5 14. Qb3 Be6 15. Qc2
exd4 16. Nxd4 Bc8 17. Rad1 d5 18. exd5 Nxd5 19. Nc4 Qg5 20. Nf3 Qf6 21. Be5 Qd8
22. Bg3 Ng5 23. Nd6 Rf8 24. Nxc8 Rxc8 25. Ne5 Ne6 26. Bc4 Nec7 27. Qb3 Rb8 28.
Bf1 Qc8 29. h4 h5 30. Nc4 b5 31. axb5 Rxb5 32. Qa3 Qb8 33. Rd2 Bh6 34. Rc2 Qa8
35. Ne5 Rb7 36. Nxc6 a4 37. Ne5 Rb3 38. Qc5 Ne6 39. Qc4 Rc8 40. Qe4 Nc5 41. Qf3
Nf4 42. Qxa8 Rxa8 43. Bc4 Kg7 44. Nxf7 Ra7 45. Nxh6 Nfd3 46. Ree2 Rbb7 47. Ng8
a3 48. bxa3 Rb1+ 49. Kh2 Rxa3 50. Be5+ 1-0

[Event "European Youth Chess Championship G14"]
[Site "Prague, Top Hotel Prague"]
[Date "2016.08.26"]
[Round "8.4"]
[White "Muetsch, Annmarie"]
[Black "Solozhenkina, Elizaveta"]
[Result "0-1"]
[WhiteElo "1966"]
[BlackElo "2275"]
[PlyCount "122"]
[EventDate "2016.08.18"]

1. e4 c5 2. Nf3 e6 3. d4 cxd4 4. Nxd4 a6 5. Bd3 Bc5 6. Nb3 Be7 7. Qg4 g6 8. Qe2
d6 9. O-O Nd7 10. a4 b6 11. f4 Qc7 12. Nc3 Bb7 13. Bd2 Ngf6 14. Rae1 O-O 15. g4
Nc5 16. g5 Nfd7 17. h4 Rfe8 18. h5 Nxb3 19. cxb3 d5 20. e5 Nc5 21. Bc2 Rad8 22.
b4 Nd7 23. Bd3 Bxb4 24. Bxa6 Bxc3 25. Bxc3 Qc5+ 26. Kh2 Bxa6 27. Qxa6 d4 28.
Bd2 Qc2 29. Re2 Qxb2 30. a5 Qa3 31. Qb5 Qc5 32. Rb1 bxa5 33. Bxa5 Qxb5 34. Rxb5
Rc8 35. Rd2 Rc4 36. Rb4 Rxb4 37. Bxb4 gxh5 38. Rxd4 Nb8 39. Rc4 Kg7 40. Bd6 Nd7
41. Rc6 Kg6 42. Kg3 Ra8 43. Kf3 Ra4 44. Kg3 Ra8 45. Kf3 Ra1 46. Kg3 Rg1+ 47.
Kf3 h4 48. Rc7 h3 49. Rc2 Rh1 50. Rc8 Rd1 51. Kg3 Rd3+ 52. Kh2 Kf5 53. Rc7 Kg4
54. Rc1 Rd2+ 55. Kh1 Kxf4 56. Rf1+ Kg3 57. Rg1+ Rg2 58. Rf1 h2 59. Ra1 Rg1+ 60.
Rxg1+ hxg1=Q+ 61. Kxg1 Kg4 0-1

[Event "European Youth Chess Championship G14"]
[Site "Prague, Top Hotel Prague"]
[Date "2016.08.26"]
[Round "8.5"]
[White "Beydullayeva, Govhar"]
[Black "Berdnyk, Mariia"]
[Result "0-1"]
[WhiteElo "1945"]
[BlackElo "2204"]
[PlyCount "150"]
[EventDate "2016.08.18"]

1. d4 Nf6 2. c4 e6 3. Nf3 d5 4. Nc3 Bb4 5. Qa4+ Nc6 6. e3 Bd7 7. Qc2 O-O 8. Bd3
dxc4 9. Bxc4 e5 10. dxe5 Ng4 11. Qe4 Qe7 12. O-O Bxc3 13. bxc3 Ncxe5 14. Nxe5
Qxe5 15. Qxe5 Nxe5 16. Be2 Bc6 17. Rd1 Rfd8 18. Ba3 Bd5 19. Rd4 Nc6 20. Rd2 Be6
21. Rb2 Rab8 22. Bc5 b6 23. Bd4 Na5 24. Be5 Rbc8 25. Rc2 f6 26. Bg3 Rd7 27. Kf1
Bc4 28. Ke1 Bxe2 29. Kxe2 Rcd8 30. Rcc1 Rd2+ 31. Ke1 c5 32. Rd1 Nc4 33. e4 g5
34. Bc7 R8d7 35. Bb8 Rxd1+ 36. Rxd1 Re7 37. f3 f5 38. Kf2 fxe4 39. fxe4 a6 40.
Kf3 Rf7+ 41. Ke2 Re7 42. Kf3 Re8 43. Bc7 Kf7 44. Rd5 h6 45. g4 Ke6 46. Bg3 Rf8+
47. Ke2 Rc8 48. h4 gxh4 49. Bf4 Rg8 50. Kf3 Rf8 51. Rf5 Rd8 52. Ke2 Rg8 53. Kf3
Rd8 54. Ke2 Rg8 55. Rh5 Rxg4 56. Rxh6+ Kf7 57. Kf3 Rg1 58. Rxh4 Rf1+ 59. Kg4
Rf2 60. Kf5 Ne3+ 61. Ke5 Ng2 62. Rh7+ Kg8 63. Rh2 Nxf4 64. Rh6 Nd3+ 65. Kd5 b5
66. Rxa6 Rc2 67. Ra3 b4 68. cxb4 Nxb4+ 69. Kd6 c4 70. Rg3+ Kh7 71. a3 Na2 72.
e5 c3 73. e6 Rd2+ 74. Ke7 c2 75. Rg1 Rd1 0-1

[Event "European Youth Chess Championship G14"]
[Site "Prague, Top Hotel Prague"]
[Date "2016.08.26"]
[Round "8.6"]
[White "Nestorovic, Katarina"]
[Black "Koroleva, Evgeniya"]
[Result "0-1"]
[WhiteElo "2059"]
[BlackElo "1940"]
[PlyCount "98"]
[EventDate "2016.08.18"]

1. e4 c5 2. Nf3 e6 3. d4 cxd4 4. Nxd4 a6 5. Nc3 Qc7 6. Bd3 Nf6 7. f4 d6 8. Qf3
Nbd7 9. Bd2 g6 10. a3 Bg7 11. Nde2 O-O 12. O-O Rb8 13. Kh1 b5 14. g4 Nb6 15. g5
Nfd7 16. Qg4 Nc4 17. Bxc4 bxc4 18. Rab1 Bb7 19. Ng3 Nc5 20. Qe2 Qc6 21. Rfe1
Rfd8 22. Qxc4 Nxe4 23. Qxc6 Nxd2 24. Qxb7 Rxb7 25. Rbc1 Rxb2 26. Nce4 Nxe4 27.
Rxe4 d5 28. Ra4 Rd6 29. c4 Rc6 30. Nf1 Bf8 31. Ne3 Rb3 32. Re1 d4 33. Nc2 Rc3
34. Nxd4 R6xc4 35. Rxc4 Rxc4 36. Ne2 a5 37. Ra1 Re4 38. Ra2 Ra4 39. Kg2 Rxa3
40. Rxa3 Bxa3 41. Kf3 Bb2 42. Ke4 Kf8 43. Kd3 Ke7 44. Kc4 a4 45. Kb4 a3 46. Kb3
Kd6 47. Ng3 Kd5 48. Ka2 Kd4 49. h4 Ke3 0-1

[Event "European Youth Chess Championship G14"]
[Site "Prague, Top Hotel Prague"]
[Date "2016.08.26"]
[Round "8.7"]
[White "Malicka, Maria"]
[Black "Verbin, Valentina"]
[Result "1/2-1/2"]
[WhiteElo "2009"]
[BlackElo "1928"]
[PlyCount "198"]
[EventDate "2016.08.18"]

1. e4 c5 2. Nf3 d6 3. d4 cxd4 4. Qxd4 Nc6 5. Bb5 Bd7 6. Bxc6 Bxc6 7. Nc3 e5 8.
Qd3 h6 9. Be3 Nf6 10. h3 Be7 11. O-O-O Qa5 12. Nd2 O-O 13. f3 Rfd8 14. Nb3 Qc7
15. Qc4 Rac8 16. Rd2 Qb8 17. Qe2 d5 18. exd5 Bxd5 19. Rhd1 Bb4 20. Rxd5 Nxd5
21. Nxd5 Bf8 22. Rd3 b6 23. Qd1 Rd6 24. Bd2 a5 25. Bc3 Rdc6 26. a3 Qa8 27. Kb1
Qa6 28. Bxe5 Rxc2 29. Qxc2 Rxc2 30. Kxc2 b5 31. Bc3 a4 32. Nd4 Qg6 33. g4 Qd6
34. Nxb5 Qh2+ 35. Rd2 Qxh3 36. Nd4 Qf1 37. Ne3 Qg1 38. Nc4 Qf1 39. Ne5 Bd6 40.
Nd3 Be7 41. Rf2 Qg1 42. Nf5 Bf8 43. Re2 g6 44. Ne3 Bg7 45. Bxg7 Kxg7 46. Nd5
Qd4 47. Nc3 f5 48. gxf5 gxf5 49. Re5 Kg6 50. f4 h5 51. Re6+ Kg7 52. Ra6 h4 53.
Rxa4 Qg1 54. Ne2 Qg2 55. Kd2 h3 56. Ke3 h2 57. Nf2 Qg1 58. Nxg1 hxg1=Q 59. Rb4
Qc1+ 60. Ke2 Qc2+ 61. Kf3 Qc6+ 62. Kg3 Qg6+ 63. Kf3 Qc6+ 64. Ke2 Qc2+ 65. Ke1
Qc1+ 66. Nd1 Qc5 67. Kd2 Kg6 68. Ne3 Kf6 69. Rc4 Qa5+ 70. Rc3 Ke6 71. b4 Qb5
72. Rc5 Qa4 73. Re5+ Kd7 74. Ra5 Qb3 75. Nxf5 Qf3 76. Ra7+ Kd8 77. Ra5 Qxf4+
78. Kc3 Kc7 79. Rc5+ Kb6 80. Nd4 Qe3+ 81. Kc4 Qxa3 82. Rc6+ Kb7 83. b5 Qa2+ 84.
Kc5 Qa3+ 85. Kd5 Qa2+ 86. Kd6 Qd2 87. Kc5 Qc3+ 88. Kd5 Qd3 89. Rc4 Kb6 90. Rc6+
Kb7 91. Rc4 Kb6 92. Ra4 Kb7 93. Kc5 Qc3+ 94. Rc4 Qa3+ 95. Rb4 Qc3+ 96. Rc4 Qa3+
97. Kd5 Qd3 98. Rc6 Qd2 99. Kc4 Qa2+ 1/2-1/2